00914nam a2200217 a 450000100100000000500170001000800410002702000150006804000250008324500870010826000550019530000280025049000280027859000260030670000360033271000600036883000350042895201050046395201110056899900170067900004740320201002060525.0180515s20uu dr a 000 0 spa d a9993492221 aDO-SdBNPbspacBNPHU00aQué rápido aprendo a leer :blectura inicial /ccoordinación Jacobo Ramos P. aSanto Domingo, República Dominicana :,c[200-?]. a96 p. :bils. ;c28 cm.1 aActualidad escolar 2000 aInventariado, 2019/VM1 aRamos P., Jacoboecoord.9750422 aActualidad escolar 2000 (República Dominicana)973571 0aActualidad escolar 2000975043 0010718PDaPDbPDcHDd2018-05-15iLF1l0o p47403-10r2020-06-25w2020-06-25yLFPDZNo se presta 0010718PDaPDbPDcHDd2018-05-15iLF1l0o p47403-20r2020-06-25te. 2w2020-06-25yLFPDZNo se presta c46891d46891